Top 50 most developed countries. - Statistics

General Stats
  • This quiz has been taken 2,288 times
  • The average score is 38 of 50
Answer Stats
Rank Country % Correct
4 United States
98%
6 Canada
95%
27 United Kingdom
95%
12 Japan
93%
1 Norway
93%
10 Sweden
93%
19 France
92%
22 Spain
92%
2 Australia
91%
21 Finland
91%
9 Germany
91%
23 Italy
90%
15 Denmark
89%
5 New Zealand
88%
40 Portugal
88%
11 Switzerland
88%
14 South Korea
87%
18 Austria
86%
7 Ireland
86%
3 Netherlands
86%
38 Poland
86%
17 Belgium
85%
13 Iceland
85%
28 Greece
84%
25 Singapore
82%
26 Czech Rep
81%
24 Luxembourg
81%
34 Slovakia
78%
20 Slovenia
78%
29 UAE
78%
33 Estonia
77%
42 Latvia
77%
39 Lithuania
76%
37 Hungary
75%
45 Croatia
74%
36 Qatar
72%
44 Argentina
69%
16 Israel
69%
49 Romania
69%
31 Andorra
68%
50 Taiwan
67%
35 Malta
66%
43 Chile
65%
8 Liechtenstein
65%
41 Bahrain
57%
30 Cyprus
57%
47 Uruguay
45%
32 Brunei
41%
46 Barbados
18%
48 Palau
8%
No matching quizzes found
Score Distribution
Percent of People with Each Score
Percentile by Number Answered
Your Score History
You have not taken this quiz